01210nam a2200301 a 4500001001000000005001700010008004100027020001500068040001800083041001100101050002200112100003200134245025200166260002500418300004700443440004800490500004000538504003600578546003500614610002300649650002700672650002800699650003000727650003000757700002500787700003700812740005900849BRCA_216820190320203710.0861031s1985 mx-c---##b---f000-0#spa-# a9688370517 aDLCcDLCdDLC aspalat 4aNA4828b.B67 19851 aBorromeo, Carlosd1538-158410aInstrucciones de la fábrica y del ajuar eclesiásticos = Instructiones Fabricae et Supellectilis EcclesiasticaecCarlos Borromeo ; introducción, traducción y notas de Bulmaro Reyes Coria ; nota preliminar de Elena Isabel Estrada de Gerlero. aMéxicobUNAMc1985 a1 v. (en varias paginaciones)bil.c24 cm. 0aEstudios y fuentes del arte en Méxicov49 aEnumeración opuesta del duplicado aBibliografía : p. xlviii-xciv aTexto en : latín y español24aIglesia católica14aArquitectura religiosa14aLiturgia y arquitectura14aContrarreforma en el arte14aArquitectura y religión1 aReyes Coria, Bulmaro1 aEstrada de Gerlero, Elena Isabel0 aInstructiones Fabricae et Supellectilis Ecclesiasticae